Materials in energy conversion, harvesting, and storage / (Record no. 355952)
[ view plain ]
| 000 -LEADER | |
|---|---|
| fixed length control field | 01137cam a2200313 i 4500 |
| 001 - CONTROL NUMBER | |
| control field | 18160671 |
| 003 - CONTROL NUMBER IDENTIFIER | |
| control field | USPCAS-E |
| 005 - DATE AND TIME OF LATEST TRANSACTION | |
| control field | 20180118181419.0 |
| 008 - FIXED-LENGTH DATA ELEMENTS--GENERAL INFORMATION | |
| fixed length control field | 140522s2014 nju b 001 0 eng |
| 010 ## - LIBRARY OF CONGRESS CONTROL NUMBER | |
| LC control number | 2014020214 |
| 020 ## - INTERNATIONAL STANDARD BOOK NUMBER | |
| International Standard Book Number | 9781118889107 (cloth) |
| 040 ## - CATALOGING SOURCE | |
| Original cataloging agency | DLC |
| Language of cataloging | eng |
| Description conventions | rda |
| Transcribing agency | DLC |
| Modifying agency | DLC |
| 042 ## - AUTHENTICATION CODE | |
| Authentication code | pcc |
| 050 00 - LIBRARY OF CONGRESS CALL NUMBER | |
| Classification number | TJ163.2 |
| Item number | .L823 2014 |
| 082 00 - DEWEY DECIMAL CLASSIFICATION NUMBER | |
| Classification number | 621.310284 |
| Edition number | 23 |
| Author Mark | LU-M 2014 |
| 100 1# - MAIN ENTRY--PERSONAL NAME | |
| Personal name | Lu, Kathy. |
| 245 10 - TITLE STATEMENT | |
| Title | Materials in energy conversion, harvesting, and storage / |
| Statement of responsibility, etc. | Kathy Lu. |
| 260 ## - PUBLICATION, DISTRIBUTION, ETC. | |
| Place of publication, distribution, etc. | Hoboken: |
| Name of publisher, distributor, etc. | Wiley, |
| Date of publication, distribution, etc. | 2014. |
| 300 ## - PHYSICAL DESCRIPTION | |
| Extent | xvi, 429 p ; |
| Dimensions | 25 cm. |
| Other physical details | ill. |
| 502 ## - DISSERTATION NOTE | |
| Dissertation note | . |
| 504 ## - BIBLIOGRAPHY, ETC. NOTE | |
| Bibliography, etc. note | Includes bibliographical references and index. |
| 650 #0 - SUBJECT ADDED ENTRY--TOPICAL TERM | |
| Topical term or geographic name entry element | Power resources. |
| 650 #0 - SUBJECT ADDED ENTRY--TOPICAL TERM | |
| Topical term or geographic name entry element | Energy development. |
| 650 #0 - SUBJECT ADDED ENTRY--TOPICAL TERM | |
| Topical term or geographic name entry element | Energy storage. |
| 776 08 - ADDITIONAL PHYSICAL FORM ENTRY | |
| Relationship information | Online version: |
| Main entry heading | Lu, Kathy. |
| Title | Materials in energy conversion, harvesting, and storage |
| Place, publisher, and date of publication | Hoboken, New Jersey : John Wiley & Sons, Inc., [2014] |
| International Standard Book Number | 9781118892350 |
| Record control number | (DLC) 2014020789 |
| 906 ## - LOCAL DATA ELEMENT F, LDF (RLIN) | |
| a | 7 |
| b | cbc |
| c | orignew |
| d | 1 |
| e | ecip |
| f | 20 |
| g | y-gencatlg |
| 942 ## - ADDED ENTRY ELEMENTS (KOHA) | |
| Source of classification or shelving scheme | |
| Koha item type | Book |
| Withdrawn status | Lost status | Source of classification or shelving scheme | Damaged status | Not for loan | Collection code | Permanent Location | Current Location | Shelving location | Date acquired | Source of acquisition | Cost, normal purchase price | Total Checkouts | Full call number | Barcode | Date last seen | Price effective from | Koha item type |
|---|---|---|---|---|---|---|---|---|---|---|---|---|---|---|---|---|---|
| US-Pakistan Center for Advanced Studies in Energy (USPCAS-E) | US-Pakistan Center for Advanced Studies in Energy (USPCAS-E) | 01/12/2016 | Golden | 12081.00 | 621.310284 LU-M 2014 | CAS-E0001235 | 01/12/2016 | 01/12/2016 | Book | ||||||||
| US-Pakistan Center for Advanced Studies in Energy (USPCAS-E) | US-Pakistan Center for Advanced Studies in Energy (USPCAS-E) | 01/12/2016 | Golden | 12081.00 | 621.310284 LU-M 2014 | CAS-E0001236 | 01/12/2016 | 01/12/2016 | Book |
